2010 Biodiversity target : a framework for implementation : (Registro nro. 4604)
[ vista simple ]
| 000 -CABECERA | |
|---|---|
| Campo de control | 01284nam a2200241 a 4500 |
| 005 - FECHA Y HORA DE LA ULTIMA TRANSACCION | |
| Campo de control | 20160802124345.0 |
| 008 - ELEMENTOS DE LONGITUD FIJA—INFORMACION GENERAL | |
| Campo de control | 140317t2004 -cn|||||r|||| 00| 0 eng d |
| 020 ## - ISBN | |
| ISBN | 9280724657 |
| 040 ## - FUENTE DE CATALOGACIÓN | |
| Agencia catalogadora original | CO-BoIAVH |
| Agencia transcriptora | CO-BoIAVH |
| 041 0# - IDIOMA | |
| Código de idioma para texto/pista de sonido o título separado | Inglés |
| 044 ## - PAÍS DE PUBLICACIÓN | |
| País de publicación | Canadá |
| 082 04 - NUMERO DE CLASIFICACION DECIMAL DEWEY | |
| Número de clasificación | 333.9515 |
| Número del ítem | C76b |
| 111 2# - ASIENTO PRINCIPAL--NOMBRE DE REUNION | |
| Nombre de reunión o de jurisdicción como elemento de entrada | Conference of the Parties to the Convention on Biological Diversity |
| Número de la parte/sección/reunión | (7th : |
| Fecha de la reunión | 9-20 y 27 de febrero de 2004 : |
| Lugar de la reunión | Kuala Lumpur, Malasia) |
| 9 (RLIN) | 73887 |
| 245 10 - MENCION DE TITULO | |
| Título | 2010 Biodiversity target : a framework for implementation : |
| Parte restante del título | Decisions from the seventh meeting of the conference of the parties to the convention on biological diversity / |
| 260 ## - PUBLICACION, DISTRIBUCION, ETC. (PIE DE IMPRENTA) | |
| Lugar de publicación, distribución, etc. | Montreal, Canadá : |
| Nombre del editor, distribuidor, etc. | Secretariat of the Convention on Biological Diversity, |
| Fecha de publicación, distribución, etc. | 2004. |
| 300 ## - DESCRIPCION FISICA | |
| Extensión | 382 páginas ; |
| Dimensiones | 21 x 14 cm. |
| 611 2# - ASIENTO SECUNDARIO DE MATERIA - NOMBRE DE LA REUNION | |
| Nombre de la reunión o nombre de la jurisdicción como elemento de entrada | Conference of the Parties to the Convention on Biological Diversity |
| Lugar de la reunión | Kuala Lumpur, Malasia) |
| Fecha de la reunión | 9-20 y 27 de febrero de 2004 : |
| 9 (RLIN) | 73888 |
| 650 26 - ASIENTO SECUNDARIO DE MATERIA - TERMINO TEMATICO | |
| Término temático o nombre geográfico como elemento de entrada | Biodiversidad |
| Subdivisión general | Políticas |
| Subdivisión de forma | Congresos, conferencias, etc. |
| 9 (RLIN) | 73889 |
| 650 26 - ASIENTO SECUNDARIO DE MATERIA - TERMINO TEMATICO | |
| Término temático o nombre geográfico como elemento de entrada | Recursos naturales |
| Subdivisión general | Políticas |
| Subdivisión de forma | Congresos, conferencias, etc. |
| 9 (RLIN) | 73890 |
| 650 26 - ASIENTO SECUNDARIO DE MATERIA - TERMINO TEMATICO | |
| Término temático o nombre geográfico como elemento de entrada | Conservación de la diversidad biológica |
| Subdivisión general | Políticas |
| Subdivisión de forma | Congresos, conferencias, etc. |
| 9 (RLIN) | 73891 |
| 710 2# - ASIENTO SECUNDARIO - NOMBRE CORPORATIVO | |
| Nombre corporativo o de jurisdicción como elemento de entrada | Secretariat of the Convention on Biological Diversity |
| 9 (RLIN) | 73892 |
| 942 ## - ELEMENTOS ADICIONALES (KOHA) | |
| Tipo de ítem | Libro |
| Sistema de clasificación | Dewey Decimal Classification |
| Withdrawn status | Lost status | Sistema de Clasificación | Damaged status | No para préstamo | Colección | Inventariado | Ubicación Permanente | Ubicación actual | Fecha de adquisición | Fuente de Valor | Total Checkouts | Número topográfico | Inventario / Código de Barras | Date last seen | Ejemplar | Price effective from | Forma de adquisición | Tipo de material |
|---|---|---|---|---|---|---|---|---|---|---|---|---|---|---|---|---|---|---|
| Dewey Decimal Classification | General | Inventariado 2017 | Sala Fabio Quevedo | Sala Fabio Quevedo | 24/06/2005 | Gast, Fernando | LB-333.9515 C76b | 016967 | 04/12/2012 | Ej. 1 | 04/12/2012 | Donación | Libro |